LEADER 01098nam a2200241 u 4500 001 000000018256 003 CaOOAMICUS 005 20070226110644.0 008 941223s1974 it u000 u por u 035 $a10430167 040 $aPUL(R)$bita 100 1 $aLimeira de Mélo, Carlos Borromeu.$0(OLS)http://pul/name/16285 245 10$aComunicaçao na filosofia de Mounier e na opiniao pública /$cCarlos Borromeu Limeira de Mèlo. 260 $aRoma :$bPontificia Universidade Lateranense,$c1974. 300 $a50 p. ;$c25 cm 502 $aTh. (estr.)--Pontificia Università Lateranense, 1974. 504 $aBibliografia: p. 45-49. 600 14$aMounier, Emmanuel,$d1905-1950.$0(OLS)http://pul/subject/9711 850 $aPUL 852 $aPUL$W1$xDP1 Tesi Pon Univ. Lateranense$y41$mTH PUL.PHIL 22$j25699$nBK-PRI$qTesi$B25699$CPULBib$Z2$F25699 $H40329 $81 941 1 $a16 996 $6245$aComunicaçao na filosofia de Mounier e na opiniao pública$9(OLS)http://pul/title/26041 996 $6260$aRoma :$bPontificia Universidade Lateranense$9(OLS)http://pul/publisher/55648 LEADER 01833nam a2200349 a 4500 001 000000171346 003 CaOOAMICUS 005 20190118135535.0 008 190118s2018 it u000 u ita r 020 $a978-88-08-26576-0* 032 $aLibriCat 040 $aPUL$bita 082 04$a347.4505 245 00$aDei procedimenti possessori : $bart. 703-705 /$ca cura di Antonio Carratta; con i contributi di Giorgetta Basilico, Fabio Cossignani, Angelo Danilo De Santis, Livia Di Cola, Francesco Fradeani, Andrea Giordano, Leo Piccininni, Giorgio Giuseppe Poli. 260 $aBologna :$bZanichelli,$c©2018. 300 $aXXV, 475 p. ;$c24 cm. 490 1 $aCommentario del Codice di Procedura civile.$aLibro quarto.$aProcedimenti speciali ;$vart. 703-705 500 $aLa collana è curata da Sergio Chiarloni. 504 $aContiene riferimenti bibliografici e indice. 650 4$aProvvedimenti d'urgenza.$0(OLS)http://pul/subject/43609 650 4$aDiritto processuale civile$zItalia.$0(OLS)http://pul/subject/38504 700 1 $aCarratta, Antonio,$d1965-$0(OLS)http://pul/name/75067 700 1 $aChiarloni, Sergio.$0(OLS)http://pul/name/12062 830 0$aCommentario del codice di procedura civile.$nLibro quarto.$pDei procedimenti speciali ;$vart. 703-705.$0(OLS)http://pul/title/192680 850 $aPUL 852 $aPUL$W1$xSL Diritto e Scienze Sociali 3$y79$m347. 4505 CHISE 1.703$j195035$qDDC 21$B199936$CPULBib$Z2$F199936 $H132088 $82 941 1 $a9 996 $6020$a978-88-08-26576-0*$9(OLS)http://pul/number/165612 996 $6082$a347.4505$9(OLS)http://pul/classification/2032 996 $6245$aDei procedimenti possessori : $bart. 703-705$9(OLS)http://pul/title/212178 996 $6260$aBologna :$bZanichelli$9(OLS)http://pul/publisher/48255